| 000 | 00412nam a22001217a 4500 | ||
|---|---|---|---|
| 082 | _a200 THE | ||
| 100 |
_aWALEED HAYAT _969467 |
||
| 245 | _aTH-SOF-1553-An analysis of factors affecting the performance of projects in Oil and Gas Sector of Pakistan | ||
| 260 |
_aISLAMABAD _bNUST COLLEGE OF EME _c2018 |
||
| 650 |
_aMS-EM-9 MSTHESIS _969389 |
||
| 700 |
_aADVISOR DR. TASWEER HUSSAIN SHAH _969468 |
||
| 942 | _cCF | ||
| 999 |
_c576730 _d576730 |
||